| 000 | 01190cam a22003377a 4500 | ||
|---|---|---|---|
| 003 | CHAP | ||
| 005 | 20220329133225.0 | ||
| 008 | 971013s1987 r 00010 d | ||
| 010 | _a3602 | ||
| 011 | _a4574 | ||
| 035 | _a3778 | ||
| 040 | _cCHAP | ||
| 082 |
_a633.71 _bT33e 1985-86 |
||
| 110 |
_aTabacos Mexicanos, S. A. de C. V. _9111261 |
||
| 245 | 0 | _aEvaluación del programa zafra de la productividad 1985-1986 | |
| 260 |
_a[México] : _bTABAMEX, _c[1987?] |
||
| 300 |
_a190 p. _b; gráfs |
||
| 590 |
_aBATCH-UPD _b10 _c20130109 _lUCH01 _h2327 |
||
| 590 |
_aBATCH-UPD _b10 _c20130110 _lUCH01 _h2230 |
||
| 590 |
_aBATCH-UPD _b10 _c20130409 _lUCH01 _h1852 |
||
| 590 |
_aBATCH-UPD _b10 _c20130914 _lUCH01 _h2041 |
||
| 590 |
_aCONVERSION _b10 _c20130109 _lUCH01 _h1303 |
||
| 650 | 1 | 4 |
_aTabaco _xCalidad. _9111204 |
| 650 | 1 | 4 |
_aTabaco _xMéxico. _9111230 |
| 650 | 1 | 4 |
_aTabaco _xRendimiento. _9111243 |
| 901 | _aBK | ||
| 942 | _cLIBRO | ||
| 949 |
_a633.71 T33e 1985-86 _bBC _cLIBRO _d33724000216040 _eLIBRO _h80028 _i3778 _si |
||
| 949 |
_a633.71 T33e 1985-86 _bBC _cLIBRO _d33724000216057 _eLIBRO _fc.2 _h80029 _i3778 _si |
||
| 949 |
_a633.71 T33e 1985-86 _bBC _cLIBRO _d33724000216065 _eLIBRO _fc.3 _h80030 _i3778 _si |
||
| 999 |
_c3602 _d3602 |
||